书目信息 |
| 题名: |
废水处理工
|
|
| 作者: | 陈建昌 主编 ;劳动和社会保障部教材办公室 , 上海市职业培训指导中心 组织编写 | |
| 分册: | 中级 | |
| 出版信息: | 北京 中国劳动社会保障出版社 2007.04 |
|
| 页数: | 290页 | |
| 开本: | 25cm | |
| 丛书名: | ||
| 单 册: | ||
| 中图分类: | X703 | |
| 科图分类: | ||
| 主题词: | 废水处理--fei shui chu li--技术教育--教材 | |
| 电子资源: | ||
| ISBN: | 978-7-5045-6039-1 | |
| 000 | 01321nam0 2200277 450 | |
| 001 | 012008403730 | |
| 005 | 20080429085309.20 | |
| 010 | @a978-7-5045-6039-1@dCNY30.00 | |
| 100 | @a20080429d2007 em y0chiy0120 ea | |
| 101 | 0 | @achi |
| 102 | @aCN@b110000 | |
| 105 | @aak a 000yy | |
| 106 | @ar | |
| 200 | 1 | @a废水处理工@Afei shui chu li gong@h中级@f劳动和社会保障部教材办公室, 上海市职业培训指导中心组织编写@Flao dong he she hui bao zhang bu jiao cai ban gong shi,shang hai shi zhi ye pei xun zhi dao zhong xin zu zhi bian xie@g陈建昌主编@Gchen jian chang zhu bian |
| 210 | @a北京@c中国劳动社会保障出版社@d2007.04 | |
| 215 | @a290页@c图@d25cm | |
| 300 | @a1+X职业技术·职业资格培训教材 | |
| 320 | @a有书目 (第290页) | |
| 330 | @a本书内容包括:水处理基础、废水物理处理、废水物化处理、废水生物处理、污泥处理与处置、废水处理厂运行管理、废水处理装置与设备、废水监测与分析、安全生产等。每一单元后附有单元测试题及答案。 | |
| 606 | 0 | @a废水处理@Afei shui chu li@x技术教育@j教材 |
| 690 | @aX703@v4 | |
| 701 | 0 | @a陈建昌@Achen jian chang@4主编 |
| 712 | 02 | @a劳动和社会保障部教材办公室@Alao dong he she hui bao zhang bu jiao cai ban gong shi@4组织编写 |
| 712 | 02 | @a上海市职业培训指导中心@Ashang hai shi zhi ye pei xun zhi dao zhong xin@4组织编写 |
| 801 | 0 | @aCN@bQSSK@c20080429 |
| 905 | @b298991-93@dX703@eC460@f3 | |
| 废水处理工.中级/劳动和社会保障部教材办公室, 上海市职业培训指导中心组织编写/陈建昌主编.-北京:中国劳动社会保障出版社,2007.04 |
| 290页:图;25cm |
| 1+X职业技术·职业资格培训教材 |
| ISBN 978-7-5045-6039-1:CNY30.00 |
| 本书内容包括:水处理基础、废水物理处理、废水物化处理、废水生物处理、污泥处理与处置、废水处理厂运行管理、废水处理装置与设备、废水监测与分析、安全生产等。每一单元后附有单元测试题及答案。 |
| ● |
| 相关链接 |
|
|
|
正题名:废水处理工
索取号:X703/C460
 
预约/预借
| 序号 | 登录号 | 条形码 | 馆藏地/架位号 | 状态 | 备注 |
| 1 | 298991 | 202989917 | 自科库501/501自科库 104排1列2层/ [索取号:X703/C460] | 在馆 | |
| 2 | 298992 | 202989926 | 期刊室512/501自科库 104排1列2层/ [索取号:X703/C460] | 在馆 | |
| 3 | 298993 | 202989935 | 期刊室512/501自科库 104排1列2层/ [索取号:X703/C460] | 在馆 |